Score 0/12 Timer 03:00
0 Plays Today
Hint Answer % Correct
FACEChafe
75%
BARDBrand
72.9%
DOORDroop
65.3%
GRIDRigid
64.7%
FIREGrief
63.9%
RACKCroak
60.4%
FOREFroze
60%
WEEDHewed
59.8%
DIGSGilds
41.3%
MACEMecca
39.8%
JOINJingo
30%
RAILAriel
18.2%

You're not logged in!

Compare scores with friends on all Sporcle quizzes.
OR
Log In

Sporcle TV

Today on Sporcle TV


Watch our educational content, quiz creation guides, and fun videos on Sporcle TV.

Show Comments

Extras

Top Quizzes Today


Score Distribution

Paid Content

Your Account Isn't Verified!

In order to create a playlist on Sporcle, you need to verify the email address you used during registration. Go to your Sporcle Settings to finish the process.

Report this User

Report this user for behavior that violates our Community Guidelines.

Details: